| 000 | 00770nam a2200217Ia 4500 | ||
|---|---|---|---|
| 003 | GCL | ||
| 008 | 140319s9999 xx 000 0 ara d | ||
| 040 |
_aGCL / _cGCL |
||
| 082 | 0 | 4 |
_aد _b050 _bم ح |
| 245 | 1 | 0 | _aحصاد الفكر العدد 172 اغسطس 2006 |
| 260 |
_aالقاهرة : _bمركز الاعلام العربى ، _c2006 |
||
| 650 | 0 | 4 | _aالاداب الاسلامية |
| 650 | 0 | 4 | _aالاسلام والاصلاح الدينى |
| 650 | 0 | 4 | _aالسلوك الاجتماعى |
| 650 | 0 | 4 | _aتقييم الوظائف |
| 650 | 0 | 4 | _aمصر - الاحوال السياسية |
| 650 | 0 | 4 | _aالشركات - تنظيم و ادارة |
| 650 | 0 | 4 | _aالاقليات - الشرق الاوسط |
| 650 | 0 | 4 | _aالمواطنة - مصر |
| 942 |
_2ddc _cCR |
||
| 999 |
_c8788 _d8788 |
||